MDQL
is popping MORE tags! Check the
thread
!
Quizzes
Events
Quiz Creation
Community
Videos
Private Events
Remove Ads
Sign In
Join for FREE
Feedback
Dark Mode
Quiz Categories
Sports
Geography
Music
Movies
Television
Just For Fun
Miscellaneous
History
Literature
Language
Science
Gaming
Entertainment
Religion
Holiday
For Kids
Quiz Lab
Recent
Popular Today
Quiz Kudos Today
Editor Picks
Curator Picks
Quizzes by...
Day
Popularity
Type
Ratings
Length
Year
Community
Subscriptions
Recent Discussions
Orange Saloon
Badges
Playlists
Quests
Create
Leaderboards
Showdown
Live 5
Trivia Bingo
Activity
Puzzle Library
Sporcle Events
Private Events
Virtual Trivia
Globe League
Become a Host
Pub Owners
SporcleCon
Opinionation
Our Games
Videos
Blog
Mobile Apps
Partnerships
Remove Ads and Go Orange
Feedback
Sports
Athletes
MLB
NBA
NHL
NFL
Soccer
Sports Teams
WWE
NCAA
Football
Premier League
Basketball
Baseball
Hockey
Golf
Tennis
Cricket
Rugby
Auto Racing
Olympics
World Cup
Sports
Athletes
MLB
NBA
NHL
NFL
Soccer
Sports Teams
WWE
NCAA
Football
Premier League
Basketball
Baseball
Hockey
Golf
Tennis
Cricket
Rugby
Auto Racing
Olympics
World Cup
Random Quiz
Search Sporcle
×
Quiz Lab
Quiz Lab
Sports
PGA
Type in answers that appear in a list
Type in answers that appear in a list
Classic
Best Score? Go Orange.
PGA Tour Winners 2012 Stats
Can you name the PGA Tour Winners 2012?
By
coasteractor29
8m
21 Questions
71 Plays
71 Plays
71 Plays
Comments
Comments
Give Quiz Kudos
Give Quiz Kudos
-
- Ratings
hide this ad
Replay
Link that replays current quiz
Next Quiz
Link to next quiz in quiz playlist
You Got
0%
They Got
Avg Score
62%
Avg Friend Score
Upgrade to see
Score Distribution
Jump to the score distribution portion of the page
Score
0/21
Timer
08:00
0
Plays Today
Tournament
% Correct
Honda Classic
Rory McIlroy
93%
Arnold Palmer Invitational
Tiger Woods
93%
The Masters
Bubba Watson
87.3%
Crowne Plaza Invitational
Zach Johnson
84.5%
AT&T Pro-
Am
Phil Mickelson
83.1%
Transitions Championship
Luke Donald
78.9%
Zurich Classic of New Orleans
Jason Dufner
73.2%
HP Byron Nelson Championship
Jason Dufner
73.2%
WGC-
Accenture Match-
Play
Hunter Mahan
70.4%
Shell Houston Open
Hunter Mahan
70.4%
Wells Fargo Championship
Rickie Fowler
69%
Tournament
% Correct
The Players Championship
Matt Kuchar
67.6%
WGC-
Cadillac Championship
Justin Rose
60.6%
Hyundai Tournament of Champions
Steve Stricker
54.9%
Farmers Insurance Open
Brandt Snedeker
46.5%
Northern Trust Open
Bill Haas
38%
Sony Open of Hawaii
Johnson Wagner
35.2%
Waste Management Phoenix Open
Kyle Stanley
33.8%
Humana Challenge
Mark Wilson
32.4%
Valero Texas Open
Ben Curtis
32.4%
RBC Heritage
Carl Petterson
28.2%
Quiz Playlist
Details
Report
Send in Message
Add To Playlist
Classic:
Type in answers that appear in a list
Last Updated: Feb 16, 2017
Quiz Scoreboard
CHALLENGE
Sign Up to Join the Scoreboard
Show All
Scores
Hide
Comments
May contain spoilers
Recently Published
Find the 'City' Movie
by crazypaving
Movies
60s
5x2 Blitz: Bands
by SL_Kpop136
Music
30s
Colored Red Africa Blitz
by spor1
Geography
30s
More to Explore
Quiz From the Vault
Featured Blog Post
14 Easter Pick-up Lines to Find Eggs With
hide this ad
You Might Also Like...
Tags
2012
PGA
tour
Tournament
Winner
Today's Top Quizzes in Sports
Browse Sports
hide this ad
Today's Top Quizzes in PGA
Browse PGA
Top Contributed Quizzes in Sports
1
Les entraîneurs de l'OM et du PSG au 21e siècle
2
Les meilleurs buteurs des matchs entre le PSG et l’OM
3
Players with Multiple 50 Home Run Seasons
4
2022 World Cup Stars
5
Les joueurs passés par le PSG et l'OM
6
NBA Logic Puzzle 2.0
7
Criteria MLB: Left Handed Sluggers
8
MLB Players with Two .350 Batting Average Seasons
9
Top 10 NHL Goal Scorers of All Time
10
Who Hit More Homers?
Explore More
Trending Topics
Harry Potter
Anime
Kpop
Disney
Marvel
Crossword
NBA
The Office
Pokémon
Song
Soccer
Country
Puzzle
WWE
NFL
hide this ad
More By:
coasteractor29
Quiz
Plays
Rating
Category
Featured
Created
Survivor 22 Contestants
166
3.75
Television
May 4, 2011
PGA Tour Winners 2012
71
5.00
Sports
May 28, 2012
PGA Tour Winners 2012 2.0
39
5.00
Sports
Jul 23, 2012
Go to Creator's Profile
Score Distribution
Quiz Creator Spotlight
coasteractor29
Follow
Send a Message
Quizzes Created
-
Created Quiz Play Count
-
More By This Creator
Popular Quizzes Today
1
Colored Red Africa Blitz
2
Find the 'City' Movie
3
Find the US States - No Outlines Minefield
4
5x2 Blitz: Bands
5
The Countries of the World
6
Find the US States
7
Find the Countries of Europe - No Outlines Minefield
8
US States
More Sports Quizzes
Marc Gasol's Top Scoring teammates per season
Quiz Lab
Trending Quizzes
Colored Red Europe Blitz I
Colored Red Europe Blitz II
Colored Red Africa Blitz II
Colored Red Europe Blitz III
Colored Red Africa Blitz III
Recently Updated
How Do You Spell That?
pecheneg
Godzilla Movies
pecheneg
Grab Bag: 4-10 Letters
pecheneg
2024 March Madness Bracket
pecheneg
Famous TV Couples
Peacemaker
Champions League XIs: Real Madrid
pecheneg
Largest US Cities 1790-2010
pecheneg
Rides in Walt Disney World
pecheneg
Most Oscar Losses (Acting)
pecheneg
Beyoncé Albums
pecheneg
Trending Topics
Kpop
Marvel
NBA
Crossword
Disney
Harry Potter
Anime
Country
Puzzle
NFL
Pokémon
Song
WWE
The Office
Soccer
Your Account Isn't Verified!
In order to create a playlist on Sporcle, you need to verify the email address you used during registration. Go to your
Sporcle Settings
to finish the process.
Report this User
Report this user for behavior that violates our
Community Guidelines
.
Details:
Send Report
Go to the Sporcle.com Mobile Site →
Comments